| 000 | | | 04839nac2a22003371x 450 |
| 001 | | | cd571742-d647-47a4-b562-88632c7edc9f |
| 005 | | | 20131009111041.0 |
| 100 | ## | $a | 20130529l1906 k y0rusy50 ca |
| 101 | 0# | $a | rus |
| 102 | ## | $a | RU |
| 105 | ## | $a | y z ||||| |
| 122 | 0# | $a | d190604 |
| 200 | 1# | $a | Записи выступлений на царскосельском совещании под председательством Николая II в апреле 1906 г. и выписки из воспоминаний С. Ю. Витте |
| | $j | 1906 |
| 215 | ## | $a | 12 листов |
| 251 | ## | $c | Дело |
| 300 | ## | $a | Заголовок дела на папке: Записи Е. Пономаревой и А. Ф. Кони, сделанные на царскосельском совещании под председательством Николая II, в апреле 1906 г. и выписки из воспоминаний С. Ю. Витте |
| 300 | ## | $a | Автограф |
| 300 | ## | $a | Тетрадь |
| 300 | ## | $a | Рукой Е. В. Пономаревой и частично А. Ф. Кони |
| 300 | ## | $a | Рукописный текст |
| 330 | ## | $a | Документальные материалы, отложившиеся в результате творческой деятельности А. Ф. Кони; Документальные материалы, собранные А. Ф. Кони для своих работ; К биографическим очеркам, мемуарам и другим работам А. Ф. Кони |
| 461 | #0 | $1 | 0013a54f2e3-e9cf-409b-80fa-f0a9bd3c40cb |
| | $1 | 2001 |
| | $a | Кони Анатолий Федорович, юрист, литератор, член академии наук, председатель Санкт-Петербургского окружного суда, член государственного совета |
| | $1 | 251 |
| | $c | Фонд |
| | $1 | 852 |
| | $j | 564 |
| 462 | #0 | $1 | 00178a475cd-a47d-4377-bff3-cee4b81de655 |
| | $1 | 2001 |
| | $a | Опись дел фонда А. Ф. Кони за 1880-1931 гг. |
| | $1 | 251 |
| | $c | Опись |
| | $1 | 852 |
| | $j | 1 |
| 517 | ## | $a | Записи Е. Пономаревой и А. Ф. Кони, сделанные на царскосельском совещании под председательством Николая II, в апреле 1906 г. и выписки из воспоминаний С. Ю. Витте |
| 600 | #1 | $a | Кони |
| | $b | А. Ф. |
| | $f | 1844-1927 |
| | $g | Анатолий Федорович |
| 600 | #0 | $a | Николай |
| | $c | имп. |
| | $d | II |
| 600 | #1 | $a | Витте |
| | $b | С. Ю. |
| 600 | #1 | $a | Пономарева |
| | $b | Е. В. |
| 801 | #0 | $a | RU |
| | $b | GA_RF |
| 801 | #1 | $a | RU |
| | $b | НПО Опыт |
| | $c | 20130529 |
| | $2 | rusmarc |
| 801 | #2 | $a | RU |
| | $b | ПБ им. Б.Н. Ельцина |
| | $c | 20131009 |
| | $g | RCR |
| | $2 | rusmarc |
| 852 | ## | $a | ГА РФ |
| | $j | 385 |
| 937 | ## | $d | 38568220 |
| | $h | ПБ |
| 035 | ## | $a | RuPRLIB51001254 |